000 00999nam a22003017a 4500
001 6890
003 FISKH
005 20250604131848.0
008 250604b cb ||||| |||| 00| 0 eng d
020 _a9781603570824
040 _aFISKH
_beng
_cFISKH
_dFISKH
050 _aPZ73 .H557211
082 _a468.6
100 _aHillert, Margaret
_d(1920–2014)
245 _aDear dragon goes to the library /
_cBy Margaret Hillert ; Illustrated by David Schimmell
250 _aThis edition first published in 2008
260 _aMinnesota :
_bNorwoodHouse,
_c2008
300 _a32 pages :
_bcolor illustrations ;
_c20 cm
505 _aE
520 _a"A boy and his pet dragon go to story time and take out books from the library"--Provided by publisher.
521 8 _a220
_bLexile
521 8 _aE
_bRaz-Plus
650 _2Libraries--Fiction
_aChapter book
650 _2Early chapter book
_aReading
700 _aSchimmell, David
_dillustrator
942 _2ddc
_cBK
_n0
999 _c6890
_d6890